000 00322nam a2200145 i 4500
001 bg
100 1 _aBENHAM, P. P.
245 0 _aElementary mechanics of solids /
_cP. Benham.
260 _aOxford,
_c1965.
040 _cBPK
041 _apol
080 _a531
942 _cKS
008 s pl f |000 0 pol
999 _c8525
_d8525
856 _uhttp://koha.tu.koszalin.pl/cgi-bin/koha/opac-detail.pl?biblionumber=8525
_yKatalog online BPK